Microelectronic circuits / DesignFabrication and Applications (Record no. 194341)
[ view plain ]
| 000 -LEADER | |
|---|---|
| fixed length control field | 00584 a2200169 4500 |
| 003 - CONTROL NUMBER IDENTIFIER | |
| control field | Nust |
| 005 - DATE AND TIME OF LATEST TRANSACTION | |
| control field | 20170207154121.0 |
| 020 ## - INTERNATIONAL STANDARD BOOK NUMBER | |
| International Standard Book Number | 0195142519 |
| 040 ## - CATALOGING SOURCE | |
| Transcribing agency | Nust |
| 082 ## - DEWEY DECIMAL CLASSIFICATION NUMBER | |
| Classification number | 621.38132 |
| 100 ## - MAIN ENTRY--PERSONAL NAME | |
| Personal name | Jamal, Habibullah |
| 245 ## - TITLE STATEMENT | |
| Title | Microelectronic circuits / DesignFabrication and Applications |
| Statement of responsibility, etc. | Prof Dr habibullah Jamal |
| 260 ## - PUBLICATION, DISTRIBUTION, ETC. | |
| Place of publication, distribution, etc. | New York |
| Name of publisher, distributor, etc. | Oxford University Press, |
| Date of publication, distribution, etc. | 2004. |
| 300 ## - PHYSICAL DESCRIPTION | |
| Extent | 139p; |
| 505 ## - FORMATTED CONTENTS NOTE | |
| Formatted contents note | Integrated Circuit Chip (Page-12) Models for IC Devices (Page-51) Analog Circuits (Page-95) Operational Amplifiers (Page-151) |
| 538 ## - SYSTEM DETAILS NOTE | |
| System details note | Almirah No. 126 Shelf No. 5 |
| 942 ## - ADDED ENTRY ELEMENTS (KOHA) | |
| Source of classification or shelving scheme | |
| Koha item type | Book |
| Withdrawn status | Lost status | Source of classification or shelving scheme | Damaged status | Not for loan | Collection code | Permanent Location | Current Location | Date acquired | Total Checkouts | Full call number | Barcode | Date last seen | Price effective from | Koha item type |
|---|---|---|---|---|---|---|---|---|---|---|---|---|---|---|
| Military College of Signals (MCS) | Military College of Signals (MCS) | 12/12/2016 | 621.38132.JAM | MCS862 | 12/08/2016 | 12/12/2016 | Book |
